Most Viewed Bands on Wikipedia - Statistics

General Stats
  • This quiz has been taken 3,374 times
  • The average score is 10 of 30
Answer Stats
Views Band % Correct
106 m The Beatles
93%
33 m The Rolling Stones
75%
50 m Queen
63%
30 m Nirvana
59%
44 m Metallica
56%
59 m One Direction
55%
36 m AC/DC
54%
40 m Led Zeppelin
53%
45 m Pink Floyd
44%
30 m Guns N’ Roses
42%
28 m Backstreet Boys
37%
34 m Coldplay
36%
38 m BTS
33%
27 m ABBA
32%
30 m Greenday
30%
28 m Spice Girls
28%
38 m Red Hot Chili Peppers
26%
26 m Foo Fighters
22%
27 m Kiss
22%
43 m Linkin Park
22%
29 m Fleetwood Mac
21%
27 m Iron Maiden
21%
26 m Bee Gees
13%
25 m N.W.A
10%
31 m Slipknot
8%
27 m Gorillaz
7%
30 m Jonas Brothers
7%
30 m Daft Punk
6%
44 m Exo
3%
27 m Girls’ Generation
1%
No matching quizzes found
Score Distribution
Percent of People with Each Score
Percentile by Number Answered
Your Score History
You have not taken this quiz